| LEADER | 00969nam a2200217 i 4500 | ||
|---|---|---|---|
| 003 | GR-PaULI | ||
| 005 | 20210117210816.0 | ||
| 008 | 190116s2016 gr a|||g q||| 00| 0agre d | ||
| 952 | |0 0 |1 0 |2 ddc |4 0 |6 792_028000000000000_092_ΔΕΣ |7 0 |9 229122 |a THST |b THST |d 2019-01-16 |i 014914 |l 0 |o 792.028 092 ΔΕΣ |p 025000255442 |r 2019-01-16 00:00:00 |t 1 |v 2019.00 |w 2019-01-16 |y BK15 | ||
| 999 | |c 139087 |d 139087 | ||
| 020 | |a 9786185019877 | ||
| 040 | |a GR-PaULI |b gre |c GR-PaULI |e AACR2 | ||
| 082 | 0 | 4 | |2 23 |a 792.028 092 |
| 100 | 1 | |9 173166 |a Δεστούνης, Μανώλης. |e συγγραφέας | |
| 245 | 1 | 3 | |a Το οδοιπορικό ενός κωμωδού : |b 50 χρόνια στο σανίδι / |c Μανώλης Δεστούνης. |
| 260 | |a Αθήνα : |b Εντύποις, |c 2016. | ||
| 300 | |a 474 σ. : |b εικ. ; |c 22 εκ. | ||
| 504 | |6 Περιλαμβάνει φιλμογραφία. | ||
| 650 | 4 | |9 4155 |a Ηθοποιοί |z Ελλάδα | |
| 942 | |2 ddc |c BK15 | ||
| 998 | |c ΜΑΝΙΑ |d 2019-01 | ||